[Event "Junior Online 4NCL Division 4"]
[Site "online"]
[Date "2020.08.20"]
[Round "1.127"]
[White "Fairrie, Ralph"]
[Black "Jhamna, Florian"]
[Result "0-1"]
[WhiteElo "1000"]
[BlackElo "1405"]
[PlyCount "30"]
[EventDate "2020.08.20"]
[WhiteTeam "Surrey Kings 3"]
[BlackTeam "The Hall 1"]

1. e4 e5 2. Qf3 Nc6 3. Bc4 Nf6 4. Qd1 Bc5 5. Nf3 d6 6. Nc3 Bg4 7. d3 Nd4 8. Bg5
c6 9. Nd5 cxd5 10. Bxf6 Qxf6 11. Bxd5 Nxf3+ 12. Ke2 Nd4+ 13. Ke1 Bxd1 14. Kxd1
Qxf2 15. Re1 Qxc2# 0-1

[Event "Junior Online 4NCL Division 4"]
[Site "online"]
[Date "2020.08.20"]
[Round "1.128"]
[White "Patel, Ishaan"]
[Black "Goldhawk, Harrison"]
[Result "1-0"]
[WhiteElo "1345"]
[BlackElo "1000"]
[PlyCount "85"]
[EventDate "2020.08.20"]
[WhiteTeam "The Hall 1"]
[BlackTeam "Surrey Kings 3"]

1. e4 d5 2. exd5 Qxd5 3. Nc3 Qd8 4. Nf3 Bg4 5. d4 e5 6. dxe5 Qxd1+ 7. Kxd1
Bxf3+ 8. gxf3 Nc6 9. Bf4 h6 10. Nb5 g5 11. Nxc7+ Kd8 12. Nxa8 gxf4 13. Bb5 Nxe5
14. Ke2 a6 15. Bd3 Nc6 16. Rad1 Ke7 17. Nb6 Nb4 18. c3 Nxa2 19. Bc4 Kf6 20.
Bxa2 Ne7 21. Rd7 Nc6 22. Rxf7+ Kg6 23. Rd1 Na5 24. Rd6+ Kh5 25. Rxf4 Bxd6 26.
Rd4 Bc5 27. Rd5+ Kg6 28. Rxc5 Nc6 29. Bd5 Re8+ 30. Kf1 Ne5 31. Bxb7 Nxf3 32.
Bxf3 h5 33. Bxh5+ Kh6 34. Bxe8 Kg7 35. Ke2 a5 36. Ke3 a4 37. Ke4 Kf8 38. Kf5
Kxe8 39. Ke6 Kd8 40. Kd6 Ke8 41. Rc7 Kf8 42. Ke6 Ke8 43. Rc8# 1-0

[Event "Junior Online 4NCL Division 4"]
[Site "online"]
[Date "2020.08.20"]
[Round "1.131"]
[White "Ambrose, Daniel"]
[Black "Arun Jacob, Nigel A"]
[Result "0-1"]
[WhiteElo "925"]
[BlackElo "1525"]
[PlyCount "30"]
[EventDate "2020.08.20"]
[WhiteTeam "Surrey Kings 4"]
[BlackTeam "KEGS Chelmsford"]

1. d4 d5 2. Qd3 Nc6 3. Nc3 Nf6 4. g3 g6 5. Bg2 Bf5 6. e4 dxe4 7. Bxe4 Bxe4 8.
Nxe4 Nxe4 9. Qxe4 Qxd4 10. Qe2 O-O-O 11. Be3 Qxb2 12. Rd1 Bg7 13. Bxa7 Bc3+ 14.
Rd2 Rxd2 15. Qf1 Qc1# 0-1

[Event "Junior Online 4NCL Division 4"]
[Site "online"]
[Date "2020.08.20"]
[Round "1.132"]
[White "Caves, Fraser"]
[Black "Saraty, Thomas"]
[Result "1-0"]
[WhiteElo "1427"]
[BlackElo "962"]
[PlyCount "73"]
[EventDate "2020.08.20"]
[WhiteTeam "KEGS Chelmsford"]
[BlackTeam "Surrey Kings 4"]

1. e4 e5 2. f4 exf4 3. Nf3 Nc6 4. Bc4 b5 5. Bxb5 Nf6 6. Nc3 a6 7. Bc4 Na5 8.
Bb3 Nxb3 9. axb3 d5 10. e5 Ne4 11. O-O Nxc3 12. bxc3 d4 13. Nxd4 Bc5 14. Qf3
Bxd4+ 15. cxd4 Qxd4+ 16. Kh1 Qxa1 17. Qxf4 f6 18. exf6 Qxf6 19. Qa4+ c6 20.
Rxf6 Bd7 21. Rf1 c5 22. Qe4+ Kd8 23. Qxa8+ Ke7 24. Qxh8 Bb5 25. Qxg7+ Kd6 26.
Rf6+ Ke5 27. Qe7+ Kd5 28. Qe6+ Kd4 29. c3+ Kd3 30. Qe3+ Kc2 31. Qxc5 a5 32. Qa3
a4 33. Rd6 axb3 34. Qb2+ Kd1 35. Rf6 Ke1 36. d4 Kd1 37. Qd2# 1-0

[Event "Junior Online 4NCL Division 4"]
[Site "online"]
[Date "2020.08.20"]
[Round "1.133"]
[White "Chun, Louis"]
[Black "Poon, Evan"]
[Result "0-1"]
[WhiteElo "1000"]
[BlackElo "1112"]
[PlyCount "40"]
[EventDate "2020.08.20"]
[WhiteTeam "Surrey Kings 4"]
[BlackTeam "KEGS Chelmsford"]

1. e4 e5 2. Nf3 Nc6 3. Bc4 Nf6 4. Nc3 Bc5 5. d3 d6 6. Bg5 Be6 7. Nd5 Bxd5 8.
Bxd5 h6 9. Bxf6 Qxf6 10. O-O O-O-O 11. Qd2 Ne7 12. Bc4 a6 13. Bd5 Nxd5 14. exd5
h5 15. Ng5 h4 16. Qe3 Bxe3 17. fxe3 Qxg5 18. Rxf7 Qxe3+ 19. Kf1 Rdf8 20. Rxf8+
Rxf8# 0-1

[Event "Junior Online 4NCL Division 4"]
[Site "online"]
[Date "2020.08.20"]
[Round "1.134"]
[White "Thompson, Thomas George"]
[Black "Salguero, Francisco Javier"]
[Result "1-0"]
[WhiteElo "1075"]
[BlackElo "925"]
[PlyCount "53"]
[EventDate "2020.08.20"]
[WhiteTeam "KEGS Chelmsford"]
[BlackTeam "Surrey Kings 4"]

1. e4 d5 2. exd5 Qxd5 3. Nc3 Qd8 4. Nf3 Bg4 5. h3 Bc8 6. Bc4 e6 7. d4 e5 8.
Nxe5 f6 9. Nf7 Qd7 10. Nxh8 Qd8 11. Qe2+ Be7 12. Bxg8 Kf8 13. Bc4 Bg4 14. Qxg4
Qe8 15. O-O Qd7 16. Qxd7 Nxd7 17. Nf7 Bd6 18. Nxd6 Re8 19. Nxe8 Kxe8 20. Re1+
Kd8 21. Bf4 c6 22. Re2 g5 23. Bg3 f5 24. Rae1 f4 25. Bh2 g4 26. Bxf4 Kc8 27.
Re8# 1-0

[Event "Junior Online 4NCL Division 4"]
[Site "online"]
[Date "2020.08.20"]
[Round "1.135"]
[White "Arun Jacob, Nigel A"]
[Black "Ambrose, Daniel"]
[Result "1-0"]
[WhiteElo "1525"]
[BlackElo "925"]
[PlyCount "53"]
[EventDate "2020.08.20"]
[WhiteTeam "KEGS Chelmsford"]
[BlackTeam "Surrey Kings 4"]

1. d4 Nc6 2. c4 e5 3. dxe5 Nxe5 4. e4 Nxc4 5. Bxc4 Qh4 6. Nc3 Bc5 7. Be3 d6 8.
Nf3 Qg4 9. h3 Qxg2 10. Rg1 Qxh3 11. Ng5 Qh2 12. Kd2 Bh3 13. Bxf7+ Kf8 14. Bxc5
dxc5 15. Qf3 Bd7 16. Be6+ Ke7 17. Nd5+ Kd6 18. e5+ Kxe5 19. Rge1+ Kd6 20. Nf7+
Kc6 21. Bxd7+ Kxd7 22. Qf5+ Kc6 23. Re6+ Kb5 24. Qd3+ Ka4 25. Qc4+ Ka5 26.
Qxc5+ Ka4 27. Re4# 1-0

[Event "Junior Online 4NCL Division 4"]
[Site "online"]
[Date "2020.08.20"]
[Round "1.136"]
[White "Saraty, Thomas"]
[Black "Caves, Fraser"]
[Result "0-1"]
[WhiteElo "962"]
[BlackElo "1427"]
[PlyCount "32"]
[EventDate "2020.08.20"]
[WhiteTeam "Surrey Kings 4"]
[BlackTeam "KEGS Chelmsford"]

1. e4 e5 2. Nf3 f5 3. Nxe5 Nf6 4. d4 fxe4 5. Nc3 Nc6 6. Nxc6 bxc6 7. Qe2 d5 8.
Qd1 Bb4 9. Bd2 Bxc3 10. Bxc3 Bg4 11. f3 exf3 12. gxf3 Qe7+ 13. Kd2 Bf5 14. f4
O-O 15. a3 Ng4 16. Bb4 Qe3# 0-1

[Event "Junior Online 4NCL Division 4"]
[Site "online"]
[Date "2020.08.20"]
[Round "1.138"]
[White "Salguero, Francisco Javier"]
[Black "Thompson, Thomas George"]
[Result "0-1"]
[WhiteElo "925"]
[BlackElo "1075"]
[PlyCount "34"]
[EventDate "2020.08.20"]
[WhiteTeam "Surrey Kings 4"]
[BlackTeam "KEGS Chelmsford"]

1. e4 e5 2. Nf3 Nc6 3. Bb5 a6 4. Bf1 Nf6 5. Nc3 Bc5 6. d4 Nxd4 7. Nxe5 d6 8.
Nxf7 Kxf7 9. Bc4+ Ke8 10. Qh5+ Nxh5 11. Ne2 Nxc2+ 12. Kd2 Nxa1 13. b3 Bb4+ 14.
Kd3 Qf6 15. Ke3 Nc2+ 16. Kd3 Bg4 17. Nc3 Qxc3# 0-1

[Event "Junior Online 4NCL Division 4"]
[Site "online"]
[Date "2020.08.20"]
[Round "1.141"]
[White "Wu, Feitong"]
[Black "Anchan, Anirudh"]
[Result "1-0"]
[WhiteElo "1495"]
[BlackElo "1082"]
[PlyCount "183"]
[EventDate "2020.08.20"]
[WhiteTeam "Forest Hall Chimaeras"]
[BlackTeam "Maidenhead Juniors 2"]

1. d4 d5 2. c4 dxc4 3. Nc3 Nf6 4. Bg5 h6 5. Bh4 e6 6. e3 Bb4 7. Bxc4 Bxc3+ 8.
bxc3 O-O 9. Nf3 c6 10. O-O b5 11. Bb3 Nbd7 12. Qe2 Qe8 13. a4 a6 14. Bc2 Nh5
15. Rfb1 Ndf6 16. axb5 cxb5 17. e4 Bd7 18. e5 Nd5 19. Qd3 g6 20. Bg3 Nxg3 21.
fxg3 h5 22. Nh4 Kg7 23. Rf1 b4 24. cxb4 Bb5 25. Qf3 Bxf1 26. Rxf1 Nxb4 27. Qf6+
Kh6 28. Be4 Rc8 29. Nf3 Rg8 30. Nh4 Nd5 31. Qxf7 Qxf7 32. Rxf7 Rc1+ 33. Kf2 Nc3
34. Bd3 Nd1+ 35. Ke2 Nb2 36. Bxa6 Rh1 37. h3 Rg7 38. Rf8 Nd1 39. Nf3 Nc3+ 40.
Kd2 Ne4+ 41. Ke3 Nxg3 42. Bd3 Nf1+ 43. Kf2 Nh2 44. Nh4 Ra1 45. Rf6 Ra2+ 46. Kg1
Nf3+ 47. Nxf3 Ra1+ 48. Bf1 Ra6 49. Kh2 Ra8 50. Bd3 Rag8 51. Rxe6 Kh7 52. d5 Kh8
53. Ng5 Rd7 54. d6 Ra7 55. Rxg6 Rxg6 56. Bxg6 h4 57. e6 Kg7 58. Bf7 Kf8 59. d7
Ke7 60. Nf3 Kd8 61. Nd4 Ke7 62. Nf5+ Kd8 63. e7+ Kxd7 64. e8=Q+ Kc7 65. Qe7+
Kb6 66. Qxa7+ Kxa7 67. Nxh4 Kb7 68. Nf5 Kc7 69. Kg3 Kd7 70. Kg4 Kc7 71. Kg5 Kc6
72. h4 Kd7 73. h5 Kd8 74. Nh4 Ke7 75. Kg6 Kf8 76. h6 Ke7 77. h7 Kd6 78. h8=Q
Kd7 79. Qe8+ Kd6 80. Bg8 Kc5 81. Qd7 Kb4 82. Qc7 Kb5 83. Kf7 Kb4 84. Ke6 Kb5
85. Kd5 Kb4 86. Bh7 Kb5 87. Qc4+ Kb6 88. Kd6 Kb7 89. Qc6+ Kb8 90. Qd7 Ka8 91.
Kc6 Kb8 92. Qb7# 1-0

[Event "Junior Online 4NCL Division 4"]
[Site "online"]
[Date "2020.08.20"]
[Round "1.142"]
[White "Anchan, Arjun"]
[Black "Johnston, Alexander"]
[Result "0-1"]
[WhiteElo "977"]
[BlackElo "1480"]
[PlyCount "116"]
[EventDate "2020.08.20"]
[WhiteTeam "Maidenhead Juniors 2"]
[BlackTeam "Forest Hall Chimaeras"]

1. e4 c5 2. Nc3 e6 3. Nf3 d5 4. exd5 exd5 5. Bb5+ Nc6 6. Bxc6+ bxc6 7. O-O Nf6
8. Re1+ Be7 9. d4 O-O 10. dxc5 Bxc5 11. Be3 Qb6 12. Bxc5 Qxc5 13. Qd3 h6 14.
Na4 Qa5 15. b3 Ba6 16. Qc3 Qxc3 17. Nxc3 Rfe8 18. Rxe8+ Rxe8 19. Na4 Re2 20.
Rc1 Ne4 21. Nd4 Rxf2 22. Nxc6 Bb5 23. Nxa7 Bxa4 24. bxa4 Rd2 25. Nc6 Nc3 26.
Re1 Rxc2 27. Ne7+ Kh7 28. Rf1 f6 29. Nf5 Ne2+ 30. Kh1 d4 31. Ne7 d3 32. Nf5 d2
33. Rd1 Nc3 34. Rg1 d1=Q 35. Rxd1 Nxd1 36. h3 Rxa2 37. Ne7 Rxa4 38. g4 Nf2+ 39.
Kg2 Ra2 40. Nf5 Nxg4+ 41. Kg3 Nf2 42. Kg2 g6 43. Ne3 Ng4+ 44. Kg3 Nxe3 45. Kf3
Nf5 46. Ke4 h5 47. h4 Ng3+ 48. Kf3 Ra4 49. Kxg3 g5 50. hxg5 fxg5 51. Kf3 h4 52.
Kg2 Ra3 53. Kf2 h3 54. Kg1 Ra2 55. Kh1 g4 56. Kg1 g3 57. Kf1 h2 58. Ke1 h1=Q#
0-1

[Event "Junior Online 4NCL Division 4"]
[Site "online"]
[Date "2020.08.20"]
[Round "1.143"]
[White "Mohindra, Arun"]
[Black "Kota, Ashwath Kumar"]
[Result "1-0"]
[WhiteElo "1300"]
[BlackElo "880"]
[PlyCount "119"]
[EventDate "2020.08.20"]
[WhiteTeam "Forest Hall Chimaeras"]
[BlackTeam "Maidenhead Juniors 2"]

1. e4 e5 2. Nf3 Nc6 3. Bc4 Bc5 4. O-O Nf6 5. d4 Bxd4 6. Nxd4 Nxd4 7. Bg5 O-O 8.
f4 d6 9. fxe5 dxe5 10. c3 Nc6 11. Qxd8 Rxd8 12. Bxf6 gxf6 13. Rxf6 Rd1+ 14. Rf1
Bg4 15. Bxf7+ Kg7 16. Bb3 Rxf1+ 17. Kxf1 Rf8+ 18. Kg1 Rf4 19. Nd2 Bh5 20. g3
Rg4 21. Kg2 Kf6 22. Rf1+ Kg5 23. h3 Rxg3+ 24. Kxg3 Ne7 25. Nf3+ Kh6 26. Nxe5
Ng6 27. Nxg6 Bxg6 28. Re1 Kg5 29. e5 Be8 30. e6 Kf6 31. e7 c5 32. Kf4 b5 33.
Re6+ Kf7 34. Bd5 c4 35. Ke5 Bd7 36. e8=Q+ Bxe8 37. Rxe8+ Kxe8 38. Ke6 a6 39. a3
a5 40. Bc6+ Kd8 41. Bxb5 h5 42. h4 Kc7 43. Bxc4 Kc6 44. Bb3 Kc5 45. Ke5 Kc6 46.
Kf5 Kd6 47. Kg5 Ke7 48. Kxh5 Kf8 49. c4 Ke7 50. Kg6 Kf8 51. c5 Ke7 52. h5 Kd7
53. h6 Kc6 54. h7 Kxc5 55. h8=Q Kb5 56. Qb8+ Ka6 57. Qd6+ Kb5 58. Kf5 a4 59.
Bxa4+ Kxa4 60. Qb4# 1-0

[Event "Junior Online 4NCL Division 4"]
[Site "online"]
[Date "2020.08.20"]
[Round "1.144"]
[White "Sridhar, Siddarth Iyer"]
[Black "Wu, Jiatong"]
[Result "1-0"]
[WhiteElo "842"]
[BlackElo "1225"]
[PlyCount "57"]
[EventDate "2020.08.20"]
[WhiteTeam "Maidenhead Juniors 2"]
[BlackTeam "Forest Hall Chimaeras"]

1. e4 e6 2. d4 d5 3. e5 c5 4. Nc3 Nc6 5. Bb5 Bd7 6. Nf3 Qb6 7. Be3 a6 8. dxc5
Bxc5 9. Bxc5 Qxc5 10. Bxc6 Qxc6 11. Ng5 Ne7 12. Qf3 Rf8 13. Nxh7 Rh8 14. Qh5
O-O-O 15. Qxf7 Rxh7 16. Qxe7 Re8 17. Qg5 Qc7 18. O-O-O Rf8 19. Qg6 Qxe5 20.
Qxh7 Rxf2 21. g4 Bc6 22. Rhe1 Qf4+ 23. Kb1 d4 24. Ne2 Be4 25. Qh8+ Kc7 26. Nxf4
Bxc2+ 27. Kc1 Bxd1 28. Qxg7+ Kb6 29. Qxd4+ 1-0

[Event "Junior Online 4NCL Division 4"]
[Site "online"]
[Date "2020.08.20"]
[Round "1.145"]
[White "Anchan, Anirudh"]
[Black "Wu, Feitong"]
[Result "1/2-1/2"]
[WhiteElo "1082"]
[BlackElo "1495"]
[PlyCount "98"]
[EventDate "2020.08.20"]
[WhiteTeam "Maidenhead Juniors 2"]
[BlackTeam "Forest Hall Chimaeras"]

1. e4 e6 2. Nf3 d5 3. e5 c5 4. d4 cxd4 5. Nxd4 Bc5 6. Bb5+ Bd7 7. Be2 Qb6 8. c3
Nc6 9. Be3 Bxd4 10. Bxd4 Qxb2 11. Nd2 Nxd4 12. cxd4 Qxd4 13. O-O Qxe5 14. Re1
Qd6 15. Nc4 Qe7 16. Ne3 Nf6 17. Ng4 Rc8 18. Nxf6+ Qxf6 19. Rb1 Bc6 20. Bb5 O-O
21. Bxc6 bxc6 22. g3 h6 23. Rb7 a5 24. Ra7 Qd8 25. Qd2 Ra8 26. Rb7 Qd6 27. Rb2
c5 28. Rc1 c4 29. Rb5 Qc6 30. Rxa5 c3 31. Rxc3 Qb6 32. Rxa8 Rxa8 33. Rc2 Rd8
34. Qc1 d4 35. Rc8 d3 36. Rxd8+ Qxd8 37. Qd2 e5 38. Kg2 e4 39. f3 f5 40. fxe4
fxe4 41. Kf2 Qc7 42. Ke3 Qe5 43. a4 Qf5 44. Kd4 Qe6 45. a5 Kf8 46. a6 Qxa6 47.
Kxe4 Qd6 48. Qxd3 Qxd3+ 49. Kxd3 Kf7 1/2-1/2

[Event "Junior Online 4NCL Division 4"]
[Site "online"]
[Date "2020.08.20"]
[Round "1.146"]
[White "Johnston, Alexander"]
[Black "Anchan, Arjun"]
[Result "1-0"]
[WhiteElo "1480"]
[BlackElo "977"]
[PlyCount "75"]
[EventDate "2020.08.20"]
[WhiteTeam "Forest Hall Chimaeras"]
[BlackTeam "Maidenhead Juniors 2"]

1. e4 b6 2. Nf3 Bb7 3. Nc3 e6 4. d4 Bb4 5. Bd3 Bxc3+ 6. bxc3 d6 7. O-O Nf6 8.
Bg5 O-O 9. Re1 h6 10. Bh4 Nc6 11. e5 dxe5 12. dxe5 Nxe5 13. Rxe5 Qe8 14. Bxf6
gxf6 15. Rh5 Kg7 16. Nh4 Qa4 17. c4 Rfd8 18. Qg4+ Kf8 19. Rxh6 Qb4 20. Rh8+ Ke7
21. Rxd8 Rxd8 22. Rf1 Bc8 23. Qg7 Rd4 24. Ng6+ Ke8 25. Qf8+ Kd7 26. Qxb4 fxg6
27. h3 Bb7 28. Qc3 e5 29. Bxg6 Rf4 30. Rd1+ Kc8 31. Qb4 c5 32. Qb5 Kb8 33. Qe8+
Kc7 34. Qd7+ Kb8 35. Qd8+ Bc8 36. Rd6 Rxc4 37. Rc6 Rd4 38. Qxc8# 1-0

[Event "Junior Online 4NCL Division 4"]
[Site "online"]
[Date "2020.08.20"]
[Round "1.147"]
[White "Kota, Ashwath Kumar"]
[Black "Mohindra, Arun"]
[Result "1-0"]
[WhiteElo "880"]
[BlackElo "1300"]
[PlyCount "53"]
[EventDate "2020.08.20"]
[WhiteTeam "Maidenhead Juniors 2"]
[BlackTeam "Forest Hall Chimaeras"]

1. e4 Nf6 2. e5 Nd5 3. d4 d6 4. Bc4 Nb6 5. Bb3 Nc6 6. Nf3 dxe5 7. d5 e4 8. Ng5
Ne5 9. Nxe4 e6 10. Nbc3 exd5 11. Bxd5 Be6 12. Bxb7 Qxd1+ 13. Nxd1 Rb8 14. Ba6
Bc4 15. Bxc4 Nbxc4 16. O-O f5 17. Ng3 Rd8 18. Nc3 c6 19. Nxf5 g6 20. Ng3 Bg7
21. Re1 O-O 22. Bg5 Rd7 23. Rad1 Rxd1 24. Nxd1 Bf6 25. Bxf6 Rxf6 26. Ne4 Rf4
27. b3 1-0

[Event "Junior Online 4NCL Division 4"]
[Site "online"]
[Date "2020.08.20"]
[Round "1.148"]
[White "Wu, Jiatong"]
[Black "Sridhar, Siddarth Iyer"]
[Result "0-1"]
[WhiteElo "1225"]
[BlackElo "842"]
[PlyCount "72"]
[EventDate "2020.08.20"]
[WhiteTeam "Forest Hall Chimaeras"]
[BlackTeam "Maidenhead Juniors 2"]

1. d4 Nf6 2. c4 e5 3. dxe5 Ng4 4. Nf3 d6 5. exd6 Bxd6 6. Nc3 Bf5 7. h3 Nf6 8.
e4 Bxe4 9. Nxe4 Nxe4 10. c5 Bxc5 11. Qxd8+ Kxd8 12. Bg5+ f6 13. Be3 Bb4+ 14.
Bd2 Bc5 15. Rd1 Nxf2 16. Be3+ Nxd1 17. Bxc5 Nxb2 18. g4 Re8+ 19. Be2 Nd3+ 20.
Kd2 Nxc5 21. Re1 Nc6 22. Bb5 Rxe1 23. Kxe1 Nb4 24. a3 Nc2+ 25. Kf2 Nxa3 26. Be2
Ne4+ 27. Ke3 Nc3 28. Bd3 Nd5+ 29. Ke4 c6 30. Nd2 Kc7 31. Nc4 Re8+ 32. Kd4 Nb5+
33. Kc5 b6+ 34. Nxb6 axb6+ 35. Kc4 Re3 36. Bxh7 Rc3# 0-1

[Event "Junior Online 4NCL Division 4"]
[Site "online"]
[Date "2020.08.20"]
[Round "1.151"]
[White "Man, Felix"]
[Black "Groot Wassink, Emma"]
[Result "0-1"]
[WhiteElo "940"]
[BlackElo "1442"]
[PlyCount "122"]
[EventDate "2020.08.20"]
[WhiteTeam "Muswell Hill Primary"]
[BlackTeam "JHJ 3"]

1. e4 e5 2. Nf3 Nc6 3. Nc3 Nf6 4. Bc4 Nxe4 5. Nxe4 d5 6. Bd3 dxe4 7. Bxe4 Qf6
8. d3 Bg4 9. Bg5 Bxf3 10. Bxf6 Bxd1 11. Rxd1 gxf6 12. O-O O-O-O 13. Bf5+ Kb8
14. Be4 Nd4 15. c3 Ne2+ 16. Kh1 Nf4 17. g3 Ne6 18. Bg2 Nc5 19. d4 exd4 20. cxd4
Ne6 21. d5 Nc5 22. Rc1 Nd3 23. Rc3 Nxb2 24. Rb3 Nc4 25. Rc1 Nd6 26. Rbc3 Bh6
27. R1c2 Rc8 28. Rf3 f5 29. Rb2 Bg7 30. Rb1 Rhe8 31. Rfb3 Re2 32. a4 Rxf2 33.
Kg1 Bd4 34. Kh1 Ra2 35. Rb4 Ra1 36. Rxa1 Bxa1 37. a5 Bc3 38. Rb3 Bxa5 39. Kg1
Bb6+ 40. Kf1 Nc4 41. Rc3 Nd2+ 42. Ke2 Ne4 43. Rf3 Nd6 44. Bh3 Re8+ 45. Kd3 Re5
46. Rf1 Rxd5+ 47. Ke2 a5 48. Ra1 Nc4 49. Bg2 Rd2+ 50. Ke1 Rxg2 51. Kf1 Rg1+ 52.
Ke2 Rxa1 53. Kd3 a4 54. Kxc4 a3 55. Kb3 a2 56. Kb2 Bd4+ 57. Kc2 Rh1 58. Kb3
a1=Q 59. Kc4 Qc3+ 60. Kb5 Rb1+ 61. Ka4 Qa1# 0-1

[Event "Junior Online 4NCL Division 4"]
[Site "online"]
[Date "2020.08.20"]
[Round "1.152"]
[White "Yu, Rock"]
[Black "Bagshaw, Freddie"]
[Result "1-0"]
[WhiteElo "1397"]
[BlackElo "1000"]
[PlyCount "79"]
[EventDate "2020.08.20"]
[WhiteTeam "JHJ 3"]
[BlackTeam "Muswell Hill Primary"]

1. c4 e6 2. Nc3 Nf6 3. g3 Nc6 4. Bg2 Bc5 5. Nf3 Ng4 6. O-O O-O 7. d4 Bd6 8. h3
Nf6 9. e4 Nh5 10. e5 Be7 11. g4 Nf4 12. Bxf4 b6 13. Nh2 Bb7 14. d5 Nb4 15. d6
cxd6 16. exd6 Bf6 17. Bxb7 Rb8 18. Bg2 Qc8 19. Qb3 a5 20. a3 Nd3 21. Bg3 Qc5
22. Ne4 Qd4 23. Nxf6+ Qxf6 24. Qxd3 Qxb2 25. Rab1 Qf6 26. Rb5 h6 27. Rfb1 Qd8
28. Qe3 Re8 29. Rxb6 Rxb6 30. Qxb6 Qc8 31. c5 a4 32. c6 Rd8 33. c7 Re8 34. Qb8
Qxb8 35. Rxb8 Rxb8 36. cxb8=Q+ Kh7 37. Be4+ g6 38. Qf8 f5 39. Qf7+ Kh8 40. Be5#
1-0

[Event "Junior Online 4NCL Division 4"]
[Site "online"]
[Date "2020.08.20"]
[Round "1.153"]
[White "Shetty, Ahan"]
[Black "Mouskos, Mia"]
[Result "0-1"]
[WhiteElo "1000"]
[BlackElo "1397"]
[PlyCount "48"]
[EventDate "2020.08.20"]
[WhiteTeam "Muswell Hill Primary"]
[BlackTeam "JHJ 3"]

1. e4 e6 2. Nc3 d5 3. f3 Nf6 4. Bd3 c5 5. exd5 exd5 6. Qe2+ Be7 7. Nh3 c4 8.
Nxd5 cxd3 9. Nxf6+ gxf6 10. cxd3 Nc6 11. b3 Nd4 12. Qe3 Nc2+ 13. Ke2 Nxe3 14.
Kxe3 Bc5+ 15. Ke2 Qd4 16. Ba3 Bxa3 17. Nf2 Bc5 18. Ne4 Be7 19. Rae1 Bf5 20. Kf1
Qxd3+ 21. Re2 Bxe4 22. fxe4 Rc8 23. Kf2 Bc5+ 24. Ke1 Qb1# 0-1

[Event "Junior Online 4NCL Division 4"]
[Site "online"]
[Date "2020.08.20"]
[Round "1.154"]
[White "Hatem, Mika"]
[Black "Gibbins, Finlay"]
[Result "1-0"]
[WhiteElo "1405"]
[BlackElo "1000"]
[PlyCount "51"]
[EventDate "2020.08.20"]
[WhiteTeam "JHJ 3"]
[BlackTeam "Muswell Hill Primary"]

1. e4 e5 2. Nf3 Bc5 3. Nc3 Nc6 4. Bc4 Nf6 5. d3 O-O 6. Bg5 d6 7. Nd5 Bg4 8. c3
Nh5 9. Bxd8 Raxd8 10. O-O a6 11. h3 Be6 12. Qb3 Na5 13. Qa4 Nc6 14. Nxc7 Bd7
15. Qc2 Na5 16. Nd5 b5 17. Bb3 Be6 18. Ne7+ Kh8 19. Nd5 Nxb3 20. Qxb3 Rb8 21.
Ng5 Bd7 22. Ne7 a5 23. Nxf7+ Rxf7 24. Qxf7 Nf4 25. Nf5 Be6 26. Qxg7# 1-0

[Event "Junior Online 4NCL Division 4"]
[Site "online"]
[Date "2020.08.20"]
[Round "1.155"]
[White "Groot Wassink, Emma"]
[Black "Man, Felix"]
[Result "1-0"]
[WhiteElo "1442"]
[BlackElo "940"]
[PlyCount "181"]
[EventDate "2020.08.20"]
[WhiteTeam "JHJ 3"]
[BlackTeam "Muswell Hill Primary"]

1. e4 e5 2. Nf3 Nc6 3. Bc4 Bc5 4. c3 Nf6 5. d4 exd4 6. cxd4 Bb4+ 7. Bd2 Bxd2+
8. Nbxd2 O-O 9. O-O Na5 10. Re1 Re8 11. Bb3 Nxb3 12. Qxb3 d6 13. Ng5 Be6 14. d5
Bd7 15. Rac1 h6 16. Ngf3 c6 17. Qxb7 cxd5 18. exd5 Rxe1+ 19. Rxe1 Qb8 20. Qxb8+
Rxb8 21. b3 Nxd5 22. Nc4 Nc3 23. Ra1 d5 24. Nce5 Be6 25. Nc6 Rb7 26. Ncd4 Kh7
27. a3 Bg4 28. b4 Bxf3 29. Nxf3 Rd7 30. Kf1 d4 31. Rc1 Nb5 32. a4 Nd6 33. Nxd4
Nb7 34. Nf3 a5 35. bxa5 Nxa5 36. Rc5 Ra7 37. Nd4 Nb7 38. Rc4 Kg6 39. Nb5 Ra8
40. Ke2 Kf6 41. f4 g5 42. fxg5+ hxg5 43. Kf3 Kg6 44. Kg4 f5+ 45. Kf3 Na5 46.
Rd4 Nb7 47. g4 f4 48. Rc4 Re8 49. Rc3 Rh8 50. Kg2 Re8 51. Ra3 Re2+ 52. Kh3 Re3+
53. Rxe3 fxe3 54. Kg2 Kf6 55. Kf3 Nc5 56. Kxe3 Nxa4 57. Nd4 Nc5 58. Nf3 Kg6 59.
Kf2 Ne4+ 60. Kg2 Nf6 61. Kg3 Ne4+ 62. Kg2 Nf6 63. h3 Ne4 64. Ne5+ Kf6 65. Nf3
Kg6 66. Kf1 Ng3+ 67. Kf2 Ne4+ 68. Ke3 Nf6 69. Kd4 Nd7 70. Ke4 Nf6+ 71. Ke5 Nd7+
72. Ke6 Nf6 73. Ne5+ Kh6 74. Kf5 Kg7 75. Kxg5 Nh7+ 76. Kf4 Nf6 77. h4 Nd5+ 78.
Kf5 Nf6 79. g5 Nh7 80. h5 Kg8 81. g6 Nf8 82. h6 Nxg6 83. Kxg6 Kh8 84. Nf7+ Kg8
85. h7+ Kf8 86. h8=Q+ Ke7 87. Qe5+ Kd7 88. Kf6 Kc8 89. Qe7 Kb8 90. Nd6 Ka8 91.
Qb7# 1-0

[Event "Junior Online 4NCL Division 4"]
[Site "online"]
[Date "2020.08.20"]
[Round "1.156"]
[White "Bagshaw, Freddie"]
[Black "Yu, Rock"]
[Result "0-1"]
[WhiteElo "1000"]
[BlackElo "1397"]
[PlyCount "88"]
[EventDate "2020.08.20"]
[WhiteTeam "Muswell Hill Primary"]
[BlackTeam "JHJ 3"]

1. e3 Nf6 2. Nf3 g6 3. Bc4 Bg7 4. Ne5 d5 5. Bb5+ c6 6. Ba4 Nbd7 7. Nf3 O-O 8.
O-O Nc5 9. Bb3 Bg4 10. h3 Bh5 11. d4 Nxb3 12. axb3 Qd7 13. Ra4 Rfe8 14. c4 a6
15. Rb4 Rad8 16. c5 Bxf3 17. Qxf3 e5 18. dxe5 Rxe5 19. Nc3 Rde8 20. Rf4 Ne4 21.
Na4 Qe7 22. Re1 f5 23. g4 Nxc5 24. Nc3 Nd3 25. Rd1 Nxf4 26. Qxf4 fxg4 27. hxg4
Rf8 28. Qg3 h5 29. gxh5 Rg5 30. hxg6 Rxg3+ 31. fxg3 Qg5 32. Ne2 Qxg6 33. b4 Qc2
34. Re1 Bxb2 35. Bxb2 Qxb2 36. Nf4 Qxb4 37. Rf1 Qe4 38. Re1 d4 39. Ng2 d3 40.
Rd1 c5 41. Ne1 Qxe3+ 42. Kg2 Qe2+ 43. Kh3 Rf7 44. Rxd3 Rh7# 0-1

[Event "Junior Online 4NCL Division 4"]
[Site "online"]
[Date "2020.08.20"]
[Round "1.157"]
[White "Mouskos, Mia"]
[Black "Shetty, Ahan"]
[Result "1-0"]
[WhiteElo "1397"]
[BlackElo "1000"]
[PlyCount "37"]
[EventDate "2020.08.20"]
[WhiteTeam "JHJ 3"]
[BlackTeam "Muswell Hill Primary"]

1. e4 e5 2. Nf3 Nc6 3. d4 f6 4. Nc3 d6 5. dxe5 fxe5 6. Bc4 Nf6 7. Bg5 Bg4 8.
O-O h6 9. Be3 Bxf3 10. Qxf3 Be7 11. Nd5 Nxd5 12. Bxd5 Nb4 13. Qf7+ Kd7 14. Be6+
Kc6 15. Bd5+ Kd7 16. Qf5+ Ke8 17. Bf7+ Kf8 18. Bg6+ Kg8 19. Qf7# 1-0

[Event "Junior Online 4NCL Division 4"]
[Site "online"]
[Date "2020.08.20"]
[Round "1.158"]
[White "Gibbins, Finlay"]
[Black "Hatem, Mika"]
[Result "0-1"]
[WhiteElo "1000"]
[BlackElo "1405"]
[PlyCount "76"]
[EventDate "2020.08.20"]
[WhiteTeam "Muswell Hill Primary"]
[BlackTeam "JHJ 3"]

1. e4 e5 2. Qf3 Nf6 3. Nh3 Nc6 4. Nc3 Nd4 5. Qe3 Nxc2+ 6. Ke2 Nxe3 7. dxe3 Bb4
8. Nd5 Nxd5 9. exd5 b6 10. a3 Ba6+ 11. Kd1 Bxf1 12. Rxf1 Bc5 13. b4 Bd6 14. Re1
c5 15. bxc5 Bxc5 16. Ke2 Qh4 17. Kf1 g5 18. Kg1 g4 19. g3 Qxh3 20. Ra2 h5 21.
Rd2 h4 22. gxh4 g3 23. fxg3 Rg8 24. Kf2 Qxh2+ 25. Kf3 Qxg3+ 26. Ke2 Qxe3+ 27.
Kd1 Rg1 28. Rxg1 Qxg1+ 29. Kc2 Rc8 30. Kb2 Qg3 31. h5 Qxa3+ 32. Kc2 Be3+ 33.
Kd1 Qxc1+ 34. Ke2 Qxd2+ 35. Kf3 Qxd5+ 36. Kxe3 Rc3+ 37. Kf2 Qd2+ 38. Kf1 Rc1#
0-1

[Event "Junior Online 4NCL Division 4"]
[Site "online"]
[Date "2020.08.20"]
[Round "1.161"]
[White "Belur, Ankita"]
[Black "Spitz, Danny"]
[Result "1-0"]
[WhiteElo "1427"]
[BlackElo "900"]
[PlyCount "79"]
[EventDate "2020.08.20"]
[WhiteTeam "Barnet Knights B"]
[BlackTeam "Coldfall Bishops"]

1. c4 Nf6 2. Nc3 g6 3. g3 Bg7 4. Bg2 O-O 5. Nf3 c6 6. O-O d5 7. cxd5 cxd5 8. a3
Bg4 9. Rb1 Nc6 10. b4 d4 11. Na4 b5 12. Nc5 Qd5 13. Nxd4 Qxd4 14. Bxc6 Rac8 15.
Bg2 Bf5 16. Bb2 Qd6 17. e4 Bg4 18. f3 Be6 19. e5 Qd5 20. exf6 exf6 21. Nxe6
fxe6 22. Qe2 e5 23. f4 Qa2 24. Qxb5 exf4 25. Bd5+ Qxd5 26. Qxd5+ Rf7 27. Rxf4
g5 28. Rff1 Kf8 29. Qe6 Re8 30. Qd6+ Kg8 31. Bxf6 Rxf6 32. Rxf6 Bxf6 33. Qxf6
Re2 34. Rf1 h5 35. Qxg5+ Kh7 36. Qxh5+ Kg7 37. Qxe2 Kg6 38. Qg4+ Kh7 39. Rf5
Kh6 40. Rh5# 1-0